[Event "Unterfranken-ch HT 52th"]
[Site "Massbach"]
[Date "2001.??.??"]
[Round "?"]
[White "Schlotter, Fabian"]
[Black "Ebner, Simon"]
[Result "1-0"]
[WhiteElo "667"]
[BlackElo "793"]
[PlyCount "64"]
[EventDate "2001.04.16"]
[EventType "swiss"]
[EventRounds "9"]
[EventCountry "GER"]
[SourceTitle "EXT 2015"]
[Source "ChessBase"]
[SourceDate "2014.11.20"]
[SourceVersion "1"]
[SourceVersionDate "2014.11.20"]
[SourceQuality "1"]

1. e4 e5 2. Nf3 Nc6 3. Bb5 d6 4. Bxc6+ bxc6 5. 0-0 Be7 6. d3 Nf6 7. Nc3 0-0 8. Bg5 Rb8 9. b3 d5 10. Bxf6 Bxf6 11. exd5 cxd5 12. Rb1 Be6 13. d4 Qd6 14. dxe5 Bxe5 15. Nxe5 Qxe5 16. Qf3 Rfd8 17. Rfe1 Qd6 18. g3 g6 19. Rbd1 f5 20. Rd4 c5 21. Rd3 d4 22. Nd1 Bd5 23. Qe2 c4 24. Rxd4 cxb3 25. axb3 Re8 26. Qd2 Re4 27. Rdxe4 fxe4 28. Qd4 Rd8 29. Kf1 a5 30. Nc3 Qa6+ 31. Kg1 Qa8 32. Rd1 e3 1-0